[Event "World Blitz 2023"]
[Site "Samarkand UZB"]
[Date "2023.12.30"]
[Round "17.68"]
[White "Tissir, Mohamed"]
[Black "Akhmedov, David"]
[Result "0-1"]
[WhiteElo "2458"]
[BlackElo "2154"]
[EventDate "2023.12.29"]

1. e4 c5 2. Nc3 Nc6 3. Bb5 Nd4 4. Bc4 e6 5. Nge2 a6 6. Nxd4 cxd4 7. Ne2 Nf6
8. d3 e5 9. O-O Be7 10. f4 d6 11. fxe5 dxe5 12. Ng3 g6 13. h3 Be6 14. Bb3
Bxb3 15. axb3 O-O 16. Bh6 Re8 17. Qf3 Rc8 18. Rf2 Rc6 19. Raf1 Bf8 20. Bxf8
Rxf8 21. Qd1 Ne8 22. Kh1 Ng7 23. Qd2 Qh4 24. Rf3 Ne6 25. Qf2 Ng5 26. Nf5
Qxf2 27. Ne7+ Kg7 28. R3xf2 Rd6 29. h4 Ne6 30. g3 Rd7 31. Nd5 f5 32. Nb6
Rdf7 33. Nc4 fxe4 34. Rxf7+ Rxf7 35. Rxf7+ Kxf7 36. Nd6+ Ke7 37. Nxe4 a5
38. Kg2 b5 39. Kf3 h6 40. Kg4 Ng7 41. Kf3 Nf5 42. Ke2 Ne3 43. Kd2 Ke6 44.
c4 b4 45. Ke2 Kd7 46. Nf6+ Ke6 47. Ne4 Nf5 48. Kf3 Ne3 49. Nc5+ Kf6 50. Nb7
Nd1 51. c5 Ke6 52. c6 Nxb2 53. Ke4 a4 54. Nc5+ Kd6 55. c7 Kxc7 56. bxa4 Kc6
57. Na6 b3 58. Nb4+ Kc5 59. Na6+ Kb6 60. Nb4 Nxa4 61. Kxe5 b2 62. Nd5+ Ka5
63. Kxd4 0-1

[Event "World Blitz 2023"]
[Site "Samarkand UZB"]
[Date "2023.12.30"]
[Round "17.69"]
[White "Botiraliev, Abdumajid"]
[Black "Song, Raymond"]
[Result "1-0"]
[WhiteElo "1515"]
[BlackElo "2383"]
[EventDate "2023.12.29"]

1. e4 c5 2. Nf3 d6 3. d4 cxd4 4. Nxd4 Nf6 5. f3 e5 6. Nb3 d5 7. Bg5 d4 8.
c3 Nc6 9. cxd4 exd4 10. Bb5 h6 11. Bh4 Bb4+ 12. N1d2 a6 13. Bxc6+ bxc6 14.
O-O Be7 15. Rc1 O-O 16. Kh1 a5 17. Nc4 a4 18. Nxd4 c5 19. Nc6 Qc7 20. Nxe7+
Qxe7 21. e5 g5 22. exf6 Qxf6 23. Bg3 Be6 24. Qc2 h5 25. f4 h4 26. Be1 h3
27. Bc3 Qh6 28. Ne3 gxf4 29. Nf5 Qg5 30. Rxf4 Bxf5 31. Rxf5 hxg2+ 32. Qxg2
Qxg2+ 33. Kxg2 Rfe8 34. Kf3 Kf8 35. Rd1 Ra7 36. Rxc5 Re6 37. Rc8+ Ke7 38.
Bb4+ Kf6 39. Rcd8 Rb7 40. Bc3+ Kg6 41. Rg1+ Kf5 42. Rd5+ Re5 43. Rxe5+ 1-0

[Event "World Blitz 2023"]
[Site "Samarkand UZB"]
[Date "2023.12.30"]
[Round "17.70"]
[White "O`gorman, Tom"]
[Black "Oro, Faustino"]
[Result "1-0"]
[WhiteElo "2288"]
[BlackElo "2105"]
[EventDate "2023.12.29"]

1. e4 e5 2. Nf3 Nc6 3. Bb5 a6 4. Ba4 Nf6 5. O-O b5 6. Bb3 Bc5 7. c3 d6 8.
d4 Bb6 9. a4 Rb8 10. axb5 axb5 11. Na3 Bg4 12. Nxb5 O-O 13. d5 Ne7 14. Bc2
Ng6 15. Na7 Bxa7 16. Rxa7 Nh4 17. Bg5 Nxf3+ 18. gxf3 Bh3 19. Re1 Rxb2 20.
Qc1 Rb8 21. Kh1 Kh8 22. Rg1 Rg8 23. f4 Qd7 24. f5 Nh5 25. Qd1 g6 26. Qf3 f6
27. Bd2 gxf5 28. Rxg8+ Rxg8 29. Qxh3 Qg7 30. Ra1 Qg6 31. exf5 Qf7 32. Be4
Ng7 33. c4 Rb8 34. Rg1 Rb2 35. Bh6 Ne8 36. Bf3 Rxf2 37. Bh5 Qe7 38. Qg3 1-0

[Event "World Blitz 2023"]
[Site "Samarkand UZB"]
[Date "2023.12.30"]
[Round "17.71"]
[White "Vakhidov, Daler"]
[Black "Harutyunyan, Tigran K."]
[Result "1-0"]
[WhiteElo "2110"]
[BlackElo "2407"]
[EventDate "2023.12.29"]

1. Nf3 d5 2. d4 Nf6 3. g3 e6 4. Bg2 b5 5. O-O Bb7 6. a4 b4 7. c4 bxc3 8.
Nxc3 a5 9. Bf4 Be7 10. Qb3 Ba6 11. Nb5 O-O 12. Nxc7 Bc4 13. Qd1 Ra7 14. b3
Ba6 15. Nxa6 Nxa6 16. Ne5 Nb4 17. Bd2 Rb7 18. Bxb4 Bxb4 19. Rc1 Bd6 20. Nd3
Qb6 21. Nc5 Ra7 22. Qd3 Rb8 23. Rc3 g6 24. Rfc1 Kg7 25. e3 h5 26. Bh3 Re7
27. Bf1 e5 28. dxe5 Bxe5 29. R3c2 Rd8 30. Qa6 Qb4 31. Qb5 Qa3 32. Qxa5 d4
33. Qxd8 Re8 34. Qb6 dxe3 35. fxe3 Ng4 36. Nd3 h4 37. Nxe5 Rxe5 38. Qd4
hxg3 39. hxg3 f5 40. Rc5 Kh6 41. Rxe5 Qxc1 42. Re8 Qc2 43. Rh8+ Kg5 44.
Qd8+ Nf6 45. Qd4 Ne4 46. Qd8+ Kg4 47. Qh4+ 1-0

[Event "World Blitz 2023"]
[Site "Samarkand UZB"]
[Date "2023.12.30"]
[Round "17.72"]
[White "Ilkhomi, Jaloliddin"]
[Black "Kuziev, Miraziz"]
[Result "1-0"]
[WhiteElo "2054"]
[BlackElo "2196"]
[EventDate "2023.12.29"]

1. d4 Nf6 2. Nf3 g6 3. c4 Bg7 4. Nc3 d6 5. e4 O-O 6. Be2 e5 7. dxe5 dxe5 8.
Qxd8 Rxd8 9. Bg5 c6 10. Nxe5 Re8 11. O-O-O h6 12. Bxf6 Bxf6 13. Nf3 Bxc3
14. bxc3 Na6 15. Bd3 Nc5 16. Bc2 Be6 17. Nd2 Rad8 18. Nb3 Na4 19. Rxd8 Rxd8
20. Nd4 Nxc3 21. Nxe6 fxe6 22. Kb2 Ne2 23. Re1 Nd4 24. Rd1 c5 25. e5 Kg7
26. f3 b6 27. Be4 Rf8 28. Rd3 h5 29. Ra3 Rf7 30. Rd3 Kh6 1-0

[Event "World Blitz 2023"]
[Site "Samarkand UZB"]
[Date "2023.12.30"]
[Round "17.73"]
[White "Khusenkhojaev, Mustafokhuja"]
[Black "Turayev, Shahruh"]
[Result "1-0"]
[WhiteElo "2082"]
[BlackElo "2168"]
[EventDate "2023.12.29"]

1. d4 d5 2. Nf3 Nf6 3. c4 dxc4 4. e3 Bg4 5. Bxc4 e6 6. h3 Bh5 7. O-O a6 8.
Nc3 Nc6 9. Be2 Bd6 10. b3 O-O 11. Bb2 Qe7 12. Nd2 Bxe2 13. Qxe2 Ba3 14.
Bxa3 Qxa3 15. Nc4 Qe7 16. Rac1 Rfd8 17. Rfd1 Nb4 18. a3 Nbd5 19. b4 c6 20.
e4 Nxc3 21. Rxc3 h6 22. e5 Nd5 23. Rg3 Nc7 24. Qg4 Qf8 25. Nd6 Rxd6 26.
exd6 Nb5 27. Qf4 Kh7 28. d7 Rd8 29. Rf3 Rxd7 30. Qe4+ Kg8 31. Rg3 Nd6 32.
Qe5 Nf5 33. Rgd3 Qd6 34. Qxd6 Rxd6 35. a4 Rd5 36. g4 Nd6 37. Rc1 e5 38.
Rcd1 e4 39. Rc3 Ne8 40. Rc5 Rd7 41. d5 Nf6 42. d6 Kf8 43. b5 axb5 44. axb5
cxb5 45. Rxb5 Ne8 46. Re5 Nxd6 47. Rxe4 b5 48. Re5 b4 49. Rb5 Nxb5 50. Rxd7
Nc3 51. Rb7 Na2 52. Kg2 g6 53. f4 Kg7 54. Kf3 Kf6 55. Rb6+ Ke7 56. h4 Kd7
57. Rb7+ Ke6 58. h5 gxh5 59. gxh5 Kf6 60. Rb6+ Kg7 61. Kg4 Nc3 62. Rxb4 Nd5
63. Rb5 Nc3 64. Ra5 Ne4 65. Re5 Nf6+ 66. Kf3 Nd7 67. Ra5 Nf6 68. Kg3 Kh7
69. Kh4 Kg7 70. Ra6 Ne4 71. Ra5 Nf6 72. Kg3 Kh7 73. Kf3 Kg7 74. Ke3 Ng4+
75. Ke4 Nf6+ 76. Kf3 Kh7 77. Kg3 Kg7 78. Kh4 Kh7 79. Ra1 Kg7 80. Rg1+ Kf8
81. Re1 Kg7 82. Re5 Nd7 83. Rb5 Nf6 84. f5 Ne4 85. Rb6 Nf6 86. Ra6 Nd5 87.
Kg4 Nf6+ 88. Kf4 Nxh5+ 89. Ke5 Ng3 90. Ra3 Nh5 91. Rh3 f6+ 92. Ke4 1-0

[Event "World Blitz 2023"]
[Site "Samarkand UZB"]
[Date "2023.12.30"]
[Round "17.74"]
[White "Amangeldy, Ernur"]
[Black "Sklokin, Sergey"]
[Result "0-1"]
[WhiteElo "2144"]
[BlackElo "1995"]
[EventDate "2023.12.29"]

1. d4 d5 2. Nc3 e6 3. Bf4 c5 4. e3 Nf6 5. Nf3 Be7 6. dxc5 Bxc5 7. Bd3 O-O
8. O-O Nc6 9. e4 dxe4 10. Nxe4 Be7 11. Qe2 Nd5 12. Bg3 f5 13. Rfd1 fxe4 14.
Qxe4 Nf6 15. Qe2 Qe8 16. Ne5 Nxe5 17. Bxe5 Bd7 18. Bc4 Bc6 19. Bxe6+ Kh8
20. Bg3 Qg6 21. Bc4 Bc5 22. Qe5 Qe4 23. Bf1 Bxf2+ 24. Kh1 Bxg3 25. Qxg3 Ng4
26. Re1 Qd4 27. h3 Nf2+ 28. Kh2 Ne4 29. Qe3 Qd6+ 30. Kg1 Rae8 31. Rad1 Qf6
32. Bd3 Nf2 33. Qd2 Nxd1 34. Rxd1 Qd4+ 0-1

[Event "World Blitz 2023"]
[Site "Samarkand UZB"]
[Date "2023.12.30"]
[Round "17.75"]
[White "Tregubenko, Nikolay"]
[Black "Wanyama, Harold"]
[Result "1/2-1/2"]
[WhiteElo "1955"]
[BlackElo "2228"]
[EventDate "2023.12.29"]

1. e4 c5 2. Nf3 e6 3. d4 cxd4 4. Nxd4 Nc6 5. Nc3 Qc7 6. Be3 Nf6 7. a3 a6 8.
Be2 b5 9. O-O Bb7 10. f4 d6 11. Bf3 Rc8 12. Kh1 Na5 13. e5 dxe5 14. Bxb7
Nxb7 15. fxe5 Qxe5 16. Qf3 Nc5 17. Rae1 Qh5 18. Qg3 Nce4 19. Nxe4 Nxe4 20.
Qf3 Qxf3 21. gxf3 Nf6 22. Bg5 Be7 23. f4 h6 24. Bh4 Nd5 25. Bxe7 Nxe7 26.
f5 Rd8 27. c3 O-O 28. fxe6 fxe6 29. Rxf8+ Rxf8 30. Rxe6 Nd5 31. Kg1 Rf6 32.
Rxf6 Nxf6 33. Ne6 Nd5 34. Kf2 Kf7 35. Nc5 a5 36. Nb7 Nf4 37. Ke3 Nd5+ 38.
Kd4 Ke6 39. Nxa5 Kd6 40. Nb7+ Kc6 41. Nc5 Nf4 42. Ne4 Ne6+ 43. Ke5 Nc7 44.
Ng3 Kd7 45. Nf5 Ne8 46. Kd5 h5 47. Kc5 g6 48. Nd4 Nd6 49. Nxb5 Ne4+ 50. Kd4
Nf6 51. h3 1/2-1/2

[Event "World Blitz 2023"]
[Site "Samarkand UZB"]
[Date "2023.12.30"]
[Round "17.76"]
[White "Nafri, Khalil"]
[Black "Yonal, Timur"]
[Result "1-0"]
[WhiteElo "2151"]
[BlackElo "1862"]
[EventDate "2023.12.29"]

1. e4 c5 2. Nf3 d6 3. d4 cxd4 4. Nxd4 Nf6 5. Nc3 a6 6. Bc4 e6 7. Bb3 Nbd7
8. Bg5 Nc5 9. f4 Be7 10. Qf3 Qc7 11. O-O-O O-O 12. Rhe1 Rb8 13. Kb1 Ne8 14.
Qg3 b5 15. Bxe7 Qxe7 16. Nc6 Qc7 17. Nxb8 Qxb8 18. e5 a5 19. a3 b4 20. axb4
axb4 21. Ne4 Nxe4 22. Rxe4 d5 23. Re3 Nc7 24. Qh4 Bd7 25. Rh3 h6 26. g4 Qa7
27. g5 Ra8 28. Kc1 Qa1+ 29. Kd2 Qxb2 30. gxh6 d4 31. hxg7 1-0

[Event "World Blitz 2023"]
[Site "Samarkand UZB"]
[Date "2023.12.30"]
[Round "17.77"]
[White "Bogdan, David"]
[Black "Kuandykuly, Danis"]
[Result "0-1"]
[WhiteElo "1880"]
[BlackElo "1718"]
[EventDate "2023.12.29"]

1. e4 c5 2. Nf3 d6 3. d4 cxd4 4. Qxd4 Nc6 5. Bb5 Bd7 6. Bxc6 Bxc6 7. Nc3
Nf6 8. Qd3 g6 9. Bg5 Bg7 10. O-O-O O-O 11. Nd4 Qc7 12. f3 a6 13. g4 b5 14.
Kb1 b4 15. Nce2 a5 16. h4 a4 17. Rc1 Bd7 18. c3 b3 19. a3 Qb6 20. Be3 Qb7
21. Ng3 e5 22. Nde2 d5 23. h5 Bb5 24. Qd2 dxe4 25. g5 Rfd8 26. Qe1 Bd3+ 27.
Ka1 Nd5 28. Bd2 e3 29. c4 exd2 30. Qxd2 Nb6 31. Qb4 Qa6 32. Ne4 Bxe2 33.
Nf6+ Bxf6 34. gxf6 Nxc4 35. Qc3 Qxf6 36. Rhe1 Qxf3 37. Qxf3 Bxf3 38. Rxc4
Rd1+ 39. Rxd1 Bxd1 40. hxg6 hxg6 41. Rc1 Rd8 42. Kb1 Bg4 43. Re1 Rd1+ 44.
Rxd1 Bxd1 45. Kc1 Bg4 46. Kd2 e4 47. Kc3 Bd7 0-1

[Event "World Blitz 2023"]
[Site "Samarkand UZB"]
[Date "2023.12.30"]
[Round "18.2"]
[White "Artemiev, Vladislav"]
[Black "Indjic, Aleksandar"]
[Result "0-1"]
[WhiteElo "2799"]
[BlackElo "2631"]
[EventDate "2023.12.29"]

1. Nf3 d5 2. g3 Bg4 3. Ne5 Bf5 4. c4 f6 5. Nf3 dxc4 6. Qa4+ Nc6 7. Qxc4 e5
8. Bg2 Qd7 9. Nc3 Be6 10. Qa4 Nge7 11. O-O Nf5 12. d3 Bc5 13. Bd2 Bb6 14.
Rfc1 h5 15. Ne4 h4 16. Nc5 Bxc5 17. Rxc5 hxg3 18. hxg3 Nfe7 19. Ne1 Bh3 20.
Be4 Nd4 21. Qxd7+ Kxd7 22. f4 exf4 23. gxf4 Nxe2+ 24. Kf2 Nd4 25. Rc4 Ndc6
26. Nf3 Be6 27. Rc5 b6 28. Rcc1 Rag8 29. b4 Nd8 30. b5 Nf7 31. Bb4 Nd6 32.
Bxd6 Kxd6 33. Nd4 Bd7 34. Rh1 g5 35. fxg5 fxg5 36. Ke3 Nd5+ 37. Kd2 Nf4 38.
Rag1 Nh3 39. Rg3 g4 40. Nf5+ Ke5 41. Ne3 Kf4 42. Rg2 g3 43. Rf1+ Ke5 44.
Rf3 Ng5 45. Rfxg3 Nxe4+ 46. dxe4 Rxg3 47. Rxg3 Kxe4 48. a4 Rh2+ 49. Kc3 Ra2
50. Kb4 a5+ 51. bxa6 c5+ 52. Kb3 Be6+ 53. Kc3 Ra3+ 54. Kd2 Rxa4 55. Rg6
Ra2+ 56. Kc3 Bf7 57. Rf6 Ra3+ 58. Kb2 Rxa6 59. Rxf7 Kxe3 60. Kc3 Ra4 61.
Re7+ Re4 62. Rb7 Rb4 63. Re7+ Kf4 64. Re8 Kf5 65. Re7 Kf6 66. Re8 Rb1 67.
Kc4 Rb2 68. Re1 Rb4+ 69. Kc3 Rd4 70. Rb1 Rd6 71. Kc4 Ke6 72. Re1+ Kd7 73.
Kb5 Rf6 74. Re2 Rh6 75. Re1 Kd6 76. Rd1+ Kc7 77. Rf1 Rh4 78. Rf7+ Kd6 79.
Rf6+ Kd5 80. Kxb6 Rb4+ 81. Ka5 Rb8 82. Ka4 c4 83. Ka3 c3 84. Rf7 Kc4 85.
Ka2 c2 86. Rc7+ Kd3 87. Rd7+ Kc3 88. Rc7+ Kd2 89. Rd7+ Kc1 90. Rh7 Ra8+ 91.
Kb3 Kb1 0-1

[Event "World Blitz 2023"]
[Site "Samarkand UZB"]
[Date "2023.12.30"]
[Round "18.5"]
[White "Sarana, Alexey"]
[Black "Vachier-Lagrave, Maxime"]
[Result "1-0"]
[WhiteElo "2707"]
[BlackElo "2748"]
[EventDate "2023.12.29"]

1. d4 Nf6 2. c4 g6 3. Nc3 d5 4. Bg5 Bg7 5. Bxf6 Bxf6 6. cxd5 c5 7. Nf3 cxd4
8. Nxd4 Qb6 9. e3 Qxb2 10. Rc1 O-O 11. Be2 Qb6 12. O-O Bd7 13. Ne4 Bxd4 14.
exd4 Bf5 15. Nc5 Rd8 16. Bf3 Na6 17. Re1 Nxc5 18. dxc5 Qf6 19. Qb3 Rab8 20.
Qa3 a6 21. c6 bxc6 22. dxc6 Rbc8 23. Qxe7 Qb2 24. c7 Rd2 25. Qe3 Rd3 26.
Qe5 Qb6 27. h4 h5 28. Rc6 Qb4 29. Qe7 Qf4 30. Qg5 Qb4 31. Rec1 Qb2 32. Bxh5
Kg7 33. Bf3 Rd2 34. h5 Rxf2 35. hxg6 Rxf3 36. gxf7+ Kxf7 37. Qh5+ Ke7 38.
Qxf3 1-0

[Event "World Blitz 2023"]
[Site "Samarkand UZB"]
[Date "2023.12.30"]
[Round "18.6"]
[White "Caruana, Fabiano"]
[Black "Praggnanandhaa, R"]
[Result "1-0"]
[WhiteElo "2815"]
[BlackElo "2665"]
[EventDate "2023.12.29"]

1. c4 Nf6 2. Nc3 e5 3. g3 Bb4 4. e4 Nc6 5. Nge2 d6 6. Bg2 Bg4 7. h3 Bxe2 8.
Nxe2 Bc5 9. d3 a5 10. O-O Nd4 11. Be3 Nxe2+ 12. Qxe2 Nd7 13. Rad1 O-O 14.
d4 exd4 15. Bxd4 Bxd4 16. Rxd4 Qf6 17. Rdd1 Rfe8 18. Qd2 a4 19. Rfe1 Nc5
20. f4 h6 21. Re2 Re6 22. Rde1 Rae8 23. Kh2 Qe7 24. Qc2 Qf6 25. b4 axb3 26.
axb3 c6 27. b4 Nd7 28. Qd3 Qe7 29. Qd4 Nf6 30. c5 dxc5 31. bxc5 Rd8 32. Qc3
Nd7 33. Rd2 Nf6 34. Rxd8+ Qxd8 35. e5 Nd5 36. Qd2 Re7 37. f5 Qc7 38. e6
fxe6 39. fxe6 Nf6 40. Qd4 Re8 41. Qd6 Qe7 42. Bf3 Kf8 43. Re2 Rd8 44. Qe5
Kg8 45. Kg2 Nd5 46. Qd4 Nc7 47. Qe4 Na6 48. Rc2 Nxc5 49. Qb4 b6 50. Qxb6
Nxe6 51. Re2 Qd6 52. Rxe6 Qxe6 53. Qxd8+ Kh7 54. Qd3+ Kh8 55. Qc2 c5 56.
Qxc5 Qa2+ 57. Qf2 Qe6 58. Qe2 Qd7 59. Be4 1-0

[Event "World Blitz 2023"]
[Site "Samarkand UZB"]
[Date "2023.12.30"]
[Round "18.7"]
[White "Yu, Yangyi"]
[Black "Radjabov, Teimour"]
[Result "1-0"]
[WhiteElo "2762"]
[BlackElo "2664"]
[EventDate "2023.12.29"]

1. e4 e5 2. Nf3 Nf6 3. Nxe5 d6 4. Nf3 Nxe4 5. d4 d5 6. Bd3 Bf5 7. O-O Be7
8. c4 Nc6 9. Re1 O-O 10. cxd5 Qxd5 11. Nc3 Nxc3 12. bxc3 Bxd3 13. Qxd3 Rae8
14. Rb1 b6 15. Bf4 Bd6 16. Ng5 f5 17. Bxd6 cxd6 18. h4 h6 19. Nh3 Qxa2 20.
Qb5 Rc8 21. Nf4 Qf7 22. h5 Rfe8 23. Rxe8+ Qxe8 24. Qxf5 Ne7 25. Qe6+ Qf7
26. Qxd6 Nf5 27. Qe5 Rxc3 28. Nd5 Rc6 29. Qxf5 Qxf5 30. Ne7+ Kf7 31. Nxf5
a5 32. d5 Rc5 33. Rxb6 Rxd5 34. g4 1-0

[Event "World Blitz 2023"]
[Site "Samarkand UZB"]
[Date "2023.12.30"]
[Round "18.8"]
[White "Rapport, Richard"]
[Black "Sindarov, Javokhir"]
[Result "1-0"]
[WhiteElo "2748"]
[BlackElo "2607"]
[EventDate "2023.12.29"]

1. e4 e5 2. Nc3 Nc6 3. Bc4 Nf6 4. d3 Na5 5. Qf3 Nxc4 6. dxc4 Bc5 7. Nge2 d6
8. h3 h6 9. Be3 Bxe3 10. Qxe3 Be6 11. c5 dxc5 12. Qxc5 Nd7 13. Qb4 b6 14.
O-O Qe7 15. Qb5 Qc5 16. Rfd1 a6 17. Qd3 O-O 18. Nd5 Rad8 19. b4 Qd6 20.
Qxa6 Kh8 21. a3 Qc6 22. Qd3 Nf6 23. c4 Qb7 24. Qe3 Nd7 25. Qc3 c6 26. Ne3
Qc7 27. Ng3 Nf6 28. a4 h5 29. h4 Kg8 30. a5 bxa5 31. bxa5 g6 32. Rxd8 Rxd8
33. a6 Ra8 34. c5 Nd7 35. Ra5 Qa7 36. Qa3 Rb8 37. f3 Rb1+ 38. Ngf1 Rb3 39.
Qc1 Qc7 40. Qa1 Qa7 41. Kh2 Nxc5 42. Qxe5 Nxa6 43. Nf5 gxf5 44. exf5 Bd5
45. Ng3 Qb8 46. Qf6 Rb2 47. Kh3 Nb4 48. Nxh5 Qf8 49. Ra8 1-0

[Event "World Blitz 2023"]
[Site "Samarkand UZB"]
[Date "2023.12.30"]
[Round "18.9"]
[White "Tabatabaei, M. Amin"]
[Black "Mamedyarov, Shakhriyar"]
[Result "0-1"]
[WhiteElo "2573"]
[BlackElo "2716"]
[EventDate "2023.12.29"]

1. e4 d5 2. exd5 Qxd5 3. Nc3 Qa5 4. d4 Nf6 5. Nf3 Bf5 6. Bc4 e6 7. O-O Nc6
8. Qe2 O-O-O 9. Be3 Bg4 10. h3 Bxf3 11. Qxf3 Nxd4 12. Bxd4 Rxd4 13. Qe2 a6
14. Rfd1 Bc5 15. a3 Rf4 16. Rf1 Bd4 17. g3 Rf5 18. Rad1 Bxc3 19. bxc3 Rc5
20. Bb3 Qxc3 21. Rd3 Qe5 22. Qd2 Ne4 23. Qb4 Rb5 24. Qc4 Rd8 25. Rxd8+ Kxd8
26. Rd1+ Ke7 27. Qd3 Qd6 28. Qf1 Qc5 29. Kg2 Rb6 30. Re1 Nf6 31. Kg1 Rd6
32. Qe2 b5 33. a4 b4 34. Rf1 a5 35. Qf3 c6 36. Qe2 h5 37. h4 g6 38. Qa6 Kf8
39. Qc8+ Kg7 40. Qc7 Ne4 41. Qb7 Nxg3 0-1

[Event "World Blitz 2023"]
[Site "Samarkand UZB"]
[Date "2023.12.30"]
[Round "18.10"]
[White "Maghsoodloo, Parham"]
[Black "Nihal, Sarin"]
[Result "1/2-1/2"]
[WhiteElo "2660"]
[BlackElo "2689"]
[EventDate "2023.12.29"]

1. c4 c6 2. d4 d5 3. e3 Nf6 4. Nf3 Bg4 5. h3 Bxf3 6. Qxf3 e6 7. Nd2 Nbd7 8.
Qd1 Bd6 9. g3 O-O 10. Bg2 b5 11. b3 a5 12. O-O a4 13. cxb5 cxb5 14. e4 Qb6
15. exd5 Nxd5 16. Ne4 Be7 17. Bg5 Bxg5 18. Nxg5 N7f6 19. Nf3 Rfc8 20. Ne5
Rc3 21. Qd2 h6 22. Rfc1 Rac8 23. bxa4 bxa4 24. Rxc3 Rxc3 25. Rc1 Qc7 26.
Rb1 a3 27. Bf3 h5 28. h4 g6 29. Qh6 Qc8 30. Bxd5 Nxd5 31. Nxg6 fxg6 32.
Qxg6+ Kf8 33. Qh6+ Ke7 34. Qxh5 Rc1+ 35. Rxc1 Qxc1+ 36. Kg2 Qb2 37. Qg5+
Kd6 38. Qe5+ Kd7 39. h5 Qxa2 40. h6 Qb1 41. Qg7+ Ne7 42. d5 a2 43. dxe6+
Kxe6 44. h7 a1=Q 45. h8=Q Qe4+ 46. f3 Qa2+ 47. Kh3 Qf5+ 48. Qg4 Qxg4+ 49.
Kxg4 Qc4+ 50. Kh3 Qf1+ 51. Kg4 Nd5 52. Qg8+ Kd6 53. Qd8+ Kc5 54. Qa5+ Kd4
55. Qd2+ Ke5 56. Qg5+ Ke6 57. Qg8+ Kd6 58. Qd8+ Kc5 59. Qa5+ Kd4 60. Qd2+
Kc5 61. f4 Kd6 62. Kg5 Qf3 63. g4 Ke6 64. Qd4 Qxf4+ 1/2-1/2

[Event "World Blitz 2023"]
[Site "Samarkand UZB"]
[Date "2023.12.30"]
[Round "18.11"]
[White "Lazavik, Denis"]
[Black "Svidler, Peter"]
[Result "1/2-1/2"]
[WhiteElo "2556"]
[BlackElo "2689"]
[EventDate "2023.12.29"]

1. d4 Nf6 2. c4 g6 3. g3 c6 4. Nf3 Bg7 5. b3 O-O 6. Bg2 d5 7. Bb2 a5 8. Nc3
Ne4 9. O-O Nxc3 10. Bxc3 a4 11. cxd5 cxd5 12. bxa4 Nc6 13. Ne5 Nxe5 14.
dxe5 e6 15. a5 Bd7 16. e4 Bb5 17. Re1 d4 18. Qxd4 Qxd4 19. Bxd4 Rxa5 20.
Bf1 Bc6 21. f3 Rfa8 22. Bc4 Bxe5 23. Bxe5 Rxe5 24. Rab1 g5 25. Kf2 Kg7 26.
Bb3 Kf6 1/2-1/2

[Event "World Blitz 2023"]
[Site "Samarkand UZB"]
[Date "2023.12.30"]
[Round "18.12"]
[White "Andreikin, Dmitry"]
[Black "Muradli, Mahammad"]
[Result "1/2-1/2"]
[WhiteElo "2741"]
[BlackElo "2551"]
[EventDate "2023.12.29"]

1. d4 Nf6 2. c4 e6 3. Nf3 d5 4. Bg5 Be7 5. e3 Nbd7 6. Qc2 h6 7. Bh4 O-O 8.
Nc3 c5 9. dxc5 dxc4 10. Bxc4 Nxc5 11. O-O a6 12. Rfd1 Qe8 13. Be2 b6 14. b4
Ncd7 15. a3 Bb7 16. Qb2 Rc8 17. h3 b5 18. a4 bxa4 19. Nxa4 Nd5 20. Bxe7
Qxe7 21. Nc5 Nxc5 22. bxc5 Rxc5 23. Bxa6 Bxa6 24. Rxa6 1/2-1/2

[Event "World Blitz 2023"]
[Site "Samarkand UZB"]
[Date "2023.12.30"]
[Round "18.13"]
[White "Nesterov, Arseniy"]
[Black "Aronian, Levon"]
[Result "0-1"]
[WhiteElo "2488"]
[BlackElo "2772"]
[EventDate "2023.12.29"]

1. d4 Nf6 2. c4 e6 3. Nf3 d5 4. Nc3 Bb4 5. Bg5 dxc4 6. e4 b5 7. e5 h6 8.
Bh4 g5 9. Nxg5 hxg5 10. Bxg5 Nbd7 11. exf6 Bb7 12. h4 c5 13. Rh3 Qb6 14.
dxc5 Nxc5 15. Be3 Qc7 16. a3 Ba5 17. b4 cxb3 18. Bxb5+ Bc6 19. Bxc5 Bxb5
20. Bb4 Bxb4 21. axb4 b2 22. Rb1 Rd8 23. Qc2 Qe5+ 24. Re3 Rxh4 25. Nxb5
Rh1+ 26. Ke2 Qxb5+ 27. Kf3 Qh5+ 28. g4 Qd5+ 29. Kg3 Qd6+ 30. Kg2 Rxb1 31.
Qxb1 Qc6+ 32. Kg3 Qc1 33. Re1 Qc3+ 34. Re3 Qxb4 35. Qh7 b1=Q 36. Qg8+ Kd7
37. Qxf7+ Kc8 38. Qxe6+ Kb8 39. f7 Qg1+ 40. Kf3 Qb7+ 41. Re4 Qh1+ 42. Kf4
Qhxe4+ 43. Qxe4 Qxf7+ 44. Kg3 Qc7+ 45. f4 Qc3+ 46. Kh4 Rh8+ 47. Kg5 Qg7+
48. Qg6 Qe7+ 49. Qf6 Rg8+ 0-1

[Event "World Blitz 2023"]
[Site "Samarkand UZB"]
[Date "2023.12.30"]
[Round "18.14"]
[White "Riazantsev, Alexander"]
[Black "Abdusattorov, Nodirbek"]
[Result "0-1"]
[WhiteElo "2621"]
[BlackElo "2694"]
[EventDate "2023.12.29"]

1. d4 Nf6 2. c4 e6 3. Nc3 d5 4. Bg5 Be7 5. e3 O-O 6. Nf3 h6 7. Bxf6 Bxf6 8.
cxd5 exd5 9. Qb3 c6 10. Bd3 Nd7 11. O-O Be7 12. h3 Bd6 13. e4 dxe4 14. Nxe4
Nf6 15. Rfe1 Bc7 16. Bc4 Nxe4 17. Rxe4 b5 18. Bd3 Qd6 19. Rae1 a5 20. Qc2
Be6 21. Rxe6 fxe6 22. Qe2 Rf6 23. Qe4 Qd5 24. Qh7+ Kf7 25. Be4 Qh5 26. Bxc6
Rd8 27. Be4 Bf4 28. Rd1 b4 29. Re1 a4 30. Bd3 Qd5 31. Bb1 Rc8 32. Be4 Qh5
33. Rd1 b3 34. axb3 axb3 35. Bd3 Rc1 36. Rxc1 Bxc1 37. Qe4 Qd5 38. Qe2 Bf4
39. Bc4 Qc6 40. Bxb3 Qc1+ 41. Qd1 Ke7 42. g3 Qxd1+ 43. Bxd1 Bc1 44. b3 Kd6
45. Kg2 Bb2 46. Be2 Bc3 47. Bc4 Rf8 48. Kf1 Rxf3 0-1

[Event "World Blitz 2023"]
[Site "Samarkand UZB"]
[Date "2023.12.30"]
[Round "18.15"]
[White "Petrosian, Tigran L."]
[Black "Salem, A.R. Saleh"]
[Result "1-0"]
[WhiteElo "2610"]
[BlackElo "2668"]
[EventDate "2023.12.29"]

1. b3 d5 2. Bb2 c5 3. e3 Nf6 4. Nf3 Nc6 5. Be2 d4 6. Bb5 Bd7 7. O-O Qb6 8.
Bxc6 Bxc6 9. exd4 Bxf3 10. Qxf3 cxd4 11. Na3 Rd8 12. Nc4 Qc7 13. c3 d3 14.
Rae1 h5 15. Ne5 e6 16. Nxd3 Ng4 17. g3 Qc6 18. Qxc6+ bxc6 19. Nb4 c5 20.
Nc6 Rxd2 21. Rd1 Rd6 22. Rxd6 Bxd6 23. Nxa7 h4 24. Nb5 Be5 25. h3 Nf6 26.
g4 Nd5 27. c4 Bxb2 28. cxd5 exd5 29. Nc7+ Kd7 30. Nxd5 Re8 31. Ne3 g6 32.
Rd1+ Kc6 33. Kg2 Bd4 34. Kf3 Ra8 35. Rd2 Bc3 36. Rc2 Bd4 37. Ng2 Kb5 38.
Nf4 Rd8 39. Nd3 Re8 40. a4+ Kb6 41. Rc4 Rd8 42. b4 cxb4 43. Nxb4 Bc5 44.
Nc2 Rd3+ 45. Ne3 Ra3 46. Rf4 Kc6 47. Rxf7 Bd4 48. Re7 Kd6 49. Re4 Bc5 50.
g5 Ra2 51. Rxh4 Ke6 52. Rf4 Be7 53. h4 Ra1 54. Re4+ Kd6 55. Nc4+ Kd5 1-0

[Event "World Blitz 2023"]
[Site "Samarkand UZB"]
[Date "2023.12.30"]
[Round "18.16"]
[White "Jobava, Baadur"]
[Black "Van Foreest, Jorden"]
[Result "1-0"]
[WhiteElo "2599"]
[BlackElo "2664"]
[EventDate "2023.12.29"]

1. d4 d5 2. Bg5 c5 3. dxc5 Nc6 4. e4 h6 5. Bh4 g5 6. exd5 gxh4 7. dxc6
Qxd1+ 8. Kxd1 bxc6 9. Nd2 Nf6 10. Ngf3 Rb8 11. Rb1 Bg7 12. Ke1 Nd5 13. Nb3
Nb4 14. Nfd4 e5 15. a3 exd4 16. axb4 Rxb4 17. Bd3 O-O 18. Kd2 h5 19. g3 Be6
20. Na5 Bd5 21. Rhe1 hxg3 22. hxg3 h4 23. Be4 Bh6+ 24. Kd3 Ba2 25. Nxc6 Rb5
26. Nxd4 Rxc5 27. b4 Rcc8 28. Nc6 Bxb1 29. Rxb1 Rc7 30. gxh4 Re8 31. b5
Rd7+ 32. Nd4 Bg7 33. c3 Re5 34. Bc6 Rd8 35. Kc4 Kf8 36. Ra1 Re7 37. h5 Bh6
38. Nf5 Re6 39. Rxa7 Rf6 40. Nxh6 Rxh6 41. Kc5 Rxh5+ 42. Kb6 Rh4 43. Kc7
Rd2 44. b6 Rxf2 45. b7 Rb2 46. Ra4 Rh3 47. Rb4 Rxb4 48. cxb4 1-0